000 00584nam a2200229Ia 4500
003 OSt
005 20220924144754.0
006 a|||||r|||| 00| 0
007 ta
008 220923b |||||||| |||| 00| 0 urd d
024 _a321408
037 _cTextual
040 _aARTS
_cARTS
_burd
041 _2urd
_aurd
082 _aQ7:25w, 168D1
100 _aHasan Mohammad Abul Au.
_9186774
245 0 _aIsmaiurrijal
260 _c1901
650 _aBIOGRAPHY
_92340
942 _hQ7:25w, 168D1
_cTEXL
_2CC
999 _c458240
_d458240